|
|
|
|
| LEADER |
00000nas a22000007a 4500 |
| 001 |
ssj0000379 |
| 003 |
WaSeSS |
| 005 |
20200512172242.0 |
| 006 |
m d |
| 007 |
cr n |
| 008 |
010216c19779999cautr pss o 0 a0eng c |
| 010 |
|
|
|a 2001214642
|
| 016 |
7 |
|
|a 2052442-0
|2 DE-600
|
| 022 |
|
|
|a 1533-8606
|l 0148-2076
|y 0148-2076
|
| 035 |
|
|
|a (WaSeSS)ssj0000379
|
| 037 |
|
|
|b University of California Press, 2000 Center St., Ste. 303, Berkeley, CA 94704-1223
|c $98.00 (institution)
|
| 040 |
|
|
|a NSD
|b eng
|c NSD
|d OCLCQ
|d EYM
|d CUS
|d OCLCQ
|d NSD
|d OCLCQ
|d NSD
|d OCLCQ
|d UPM
|d OCLCQ
|d DLC
|d OCLCQ
|d OCLCF
|d OCL
|d VT2
|d OCLCQ
|d DEBBG
|d OCL
|d SAV
|d EZC
|d GILDS
|d AU@
|d ELW
|d OCLCO
|d NJT
|d WaSeSS
|
| 042 |
|
|
|a nsdp
|a pcc
|
| 050 |
1 |
4 |
|a ML1
|
| 082 |
1 |
0 |
|a 780
|2 13
|
| 130 |
0 |
|
|a 19th-century music (Online)
|
| 222 |
|
0 |
|a 19th-century music
|b (Online)
|
| 245 |
1 |
0 |
|a 19th-century music
|h [electronic resource].
|
| 246 |
3 |
|
|a Nineteenth century music
|
| 260 |
|
|
|a Berkeley, Calif. :
|b University of California Press,
|c ©1977-
|
| 310 |
|
|
|a Three no. a year
|
| 362 |
0 |
|
|a Vol. 1, no. 1 (July 1977)-
|
| 500 |
|
|
|a Title from title screen (JSTOR, viewed Oct. 8, 2003).
|
| 506 |
|
|
|a License restrictions may limit access.
|
| 538 |
|
|
|a Mode of access: World Wide Web.
|
| 588 |
|
|
|a Latest issue consulted: Vol. 26, no. 3 (spring 2003) (Ingenta Select homepage, viewed Oct. 8, 2003).
|
| 648 |
|
7 |
|a 1800-1899
|2 fast
|
| 650 |
|
0 |
|a Music
|v Periodicals.
|
| 650 |
|
0 |
|a Music
|y 19th century
|v Periodicals.
|
| 650 |
|
7 |
|a Music
|2 fast
|0 (OCoLC)fst01030269
|
| 655 |
|
0 |
|a Electronic journals.
|
| 776 |
1 |
|
|t 19th century music
|x 0148-2076
|w (DLC) 77644140
|w (OCoLC)3280195
|
| 856 |
4 |
0 |
|z Full text available from Research Library: 10/01/2001 to 10/31/2012
|u https://search.proquest.com/publication/48194
|